| 000 | 00410nam a2200157Ia 4500 | ||
|---|---|---|---|
| 008 | 230711s9999||||xx |||||||||||||| ||und|| | ||
| 041 | _aENG | ||
| 082 |
_a621.31042 _bCH-E |
||
| 100 | _aChapman,Stephen J | ||
| 245 | 0 | _aElectric machinery fundamentals | |
| 250 | _a4th Ed. | ||
| 260 |
_c2005 _aNew Delhi _bTata McGraw Hill Education Limited |
||
| 300 | _a746 | ||
| 650 | _aElectrical Engineering | ||
| 942 | _cBK | ||
| 999 |
_c4472 _d4472 |
||